00608nam a2200181Ia 4500008004100000041000800041082001600049100001800065245004500083250001200128260002400140300000800164365001600172700004000188906003200228999001900260952014700279230718s9999 xx 000 0 und d aeng a005.75bFEU aFeuerstein S. aOracle PL/SQL LanguagebPocket Reference a4th ed. c2008bSpd / Oreilly a170 cRs.b125.00 aFeuerstein S.; Pribly B. & Dawes C. dB:616803-Oct-2008cCOMPb25 c319916d319916 00104070aCCEPbCCEPd2009-02-02eTbsfCOMPg100.00i6168l0o005.75pCCEP-BK-31123r2023-07-18 00:00:00t25v125.00w2008-10-03yBKz031123